| 000 | 00862cam a22002655a 4500 | ||
|---|---|---|---|
| 001 | 012912461 | ||
| 003 | OSt | ||
| 005 | 20180304123545.0 | ||
| 008 | 040507s2004 enk frb 001 0 eng d | ||
| 020 | _a0415444500 | ||
| 020 | _a9780415444507 | ||
| 040 |
_aUk _beng _cUk _dEG-ScBUE |
||
| 082 | 0 | 4 |
_222 _a368.0091767 _bKHO |
| 100 | 1 |
_aKhorshid, Aly, _d1947- |
|
| 245 | 1 | 0 |
_aIslamic insurance : _ba modern approach to Islamic banking / _cAly Khorshid. |
| 260 |
_aLondon ; _aNew York : _bRoutledge / Taylor & Francis Group, _c2004. |
||
| 300 |
_axiv, 230 p. ; _c25 cm. |
||
| 504 | _aIncludes bibliographical references and index. | ||
| 650 | 7 |
_aInsurance _xReligious aspects _xIslam. _2BUEsh |
|
| 650 | 7 |
_aInsurance _zIslamic countries. _2BUEsh |
|
| 650 | 7 |
_aIslam _xEconomic aspects. _2BUEsh _935915 |
|
| 651 | _2BUEsh | ||
| 653 |
_bBUSADM _cMarch2018 |
||
| 942 | _2ddc | ||
| 999 |
_c26215 _d26187 |
||